Yakov e os sete ladrões (Registo nº 6092)
[ vista simples ]
| 000 -Etiqueta do registo | |
|---|---|
| Valores | 00853nam a2200277 4500 |
| 010 ## - Número ISBN | |
| ISBN | 9722026925 |
| 021 ## - Número do Depósito Legal | |
| Número | 210567/04 |
| 100 ## - Dados gerais de processamento | |
| Dados gerais | 20211231d2004 c||y0pory5003 ba |
| 200 1# - Titulo e menção de responsabilidade | |
| Título próprio | Yakov e os sete ladrões |
| Primeira menção de responsabilidade | Madonna |
| Outras menções de responsabilidade | il. Gennady Spirin |
| -- | trad. Miguel e Susana Serras Pereira |
| 205 ## - Menção da edição | |
| Edição | 1ªed |
| 210 #9 - Publicação | |
| Local de publicação | Lisboa |
| Nome do editor | Dom Quixote |
| Data de publicação | 2004 |
| 215 ## - Descrição física | |
| Paginação / Volumes | 30, [3] p. |
| Outras indicações físicas | il. |
| Dimensões | 26 cm |
| 304 ## - Nota relativa ao título | |
| Texto de nota | T�it. orig.: Yakov and the seven thieves |
| 606 ## - Nome comum usado como assunto | |
| ID Autoridade | 14 |
| Palavra de ordem | Literatura infantil |
| 606 ## - Nome comum usado como assunto | |
| ID Autoridade | 13 |
| Palavra de ordem | Literatura Estrangeira |
| 675 ## - CDU | |
| Notação | 82-93 |
| Edição | BN |
| Língua | por |
| 675 ## - CDU | |
| Notação | 821.1/.8 |
| Edição | BN |
| Língua | por |
| 700 ## - Autor principal (pessoa individual) | |
| Apelido | Madonna |
| ID Autoridade | 4819 |
| 702 ## - Autor secundário (pessoa individual) | |
| Apelido | Pereira |
| Nome | Miguel Serras |
| Datas | 1949- |
| ID Autoridade | 2366 |
| 702 ## - Autor secundário (pessoa individual) | |
| Apelido | Spirin |
| Nome | Gennady |
| ID Autoridade | 5801 |
| 702 ## - Autor secundário (pessoa individual) | |
| Apelido | Pereira |
| Nome | Susana Serras |
| Datas | 1971- |
| ID Autoridade | 5802 |
| 801 ## - Fonte de origem | |
| País | PT |
| Agência | BMVN |
| Regras de catalogação | RPC |
| 830 ## - Notas gerais do catalogador | |
| Criado por | Ana Caetano |
| Data de criação | 31/12/2021 |
| 990 ## - Elementos KOHA | |
| Tipo de documento | Livro |
| Situação do levantamento | Biblioteca de origem | Código de barras | Cota | Permissão de empréstimo | Tipo de documento | Forma de aquisição |
|---|---|---|---|---|---|---|
| Biblioteca Municipal de Vendas Novas | 100000031800 | LI EST/MAD | Livro |